Ice cream by Blackpink and Selena gomez lyrics - Statistics

General Stats
  • This quiz has been taken 972 times
  • The average score is 273 of 469
Answer Stats
Answer % Correct
i
99%
A
92%
a
92%
ice
91%
you
91%
cream
88%
lick
86%
look
84%
me
82%
like
80%
so
80%
the
78%
be
77%
chillin
77%
it
76%
sweet
74%
good
72%
to
72%
cause
71%
lookin
71%
Come
70%
come
70%
know
70%
i'm
69%
yeah
69%
in
68%
on
68%
closer
66%
little
66%
thirsty
66%
cold
62%
he
60%
cone
59%
my
59%
can
58%
keep
56%
make
56%
snow
54%
eat
53%
treat
53%
willy
53%
call
52%
get
52%
better
50%
bite
50%
enough
50%
free
49%
baby
48%
do
48%
icy
48%
billy
47%
but
47%
poppin
47%
deserve
46%
wrist
46%
chilly
45%
slurpee
45%
take
45%
jeans
44%
sip
44%
your
44%
roses
43%
sun
43%
even
42%
with
42%
could
40%
lisa
40%
that
40%
cherry
39%
its
39%
fresh
38%
looking
38%
where
38%
double
37%
frozen
37%
moses
37%
chosen
36%
diamonds
36%
mona
36%
brrr
35%
fridge
35%
ima
35%
too
35%
dip
34%
kiss
34%
an
33%
been
33%
no
33%
one
33%
for
32%
play
32%
catch
31%
wheelie
31%
coldest
30%
part
30%
la
29%
heart
28%
you're
28%
of
27%
top
27%
right
26%
see
26%
this
26%
kinda
23%
nobody
23%
oh
23%
put
23%
ra
23%
cant
22%
stay
22%
love
21%
pick
21%
piece
21%
what
21%
else
19%
gonna
19%
him
19%
if
19%
and
18%
mean
18%
always
17%
favorite
17%
her
17%
melting
17%
movin
17%
na
17%
only
17%
touch
17%
flavor
15%
just
15%
man
15%
needs
15%
hes
14%
visa
14%
scoop
13%
up
13%
treats
12%
bag
11%
boy
11%
flip
11%
they
11%
ah
10%
fly
10%
think
9%
lease
8%
them
8%
villan
8%
nice
7%
ya
7%
No matching quizzes found
Score Distribution
Percent of People with Each Score
Percentile by Number Answered
Your Score History
You have not taken this quiz